| 000 | 00895cam a2200241 4500 | ||
|---|---|---|---|
| 001 | ABS60719 | ||
| 008 | 000000n1999 000 0 eng u | ||
| 035 | _a(Sirsi) u101204 | ||
| 100 | _aWyatt, B. | ||
| 245 | _aElectrochemical protection of steel in concrete. | ||
| 260 | _c1999 | ||
| 490 |
_aFaculty of Building Journal _v8(3) June 1999, 15-16(2) |
||
| 520 | _aA discussion of three electrochemical treatments: chloride extraction, realkalisation and cathodic protection, which can be used to prevent or limit the corrosion of the steel element in reinforced concrete structures. | ||
| 650 | _aREINFORCED CONCRETE | ||
| 650 | _aSTEEL | ||
| 650 | _aELECTROCHEMICAL TREATMENT | ||
| 650 | _aCHLORIDE EXTRACTION | ||
| 650 | _aRE-ALKALISATION | ||
| 650 | _aCATHODIC PROTECTION | ||
| 650 | _aSTEEL CORROSION | ||
| 690 | _aBUILDING AND CONSTRUCTION-DEFECTS AND FAILURES | ||
| 942 | _n0 | ||
| 999 |
_c60365 _d60365 |
||